000 00612nam a22001937a 4500
003 OSt
005 20251029060448.0
008 251029b |||||||| |||| 00| 0 eng d
020 _a978-621-00-0927-9
040 _aDWCL - Main Lib
_cOC
082 _aFil. 330 R387g 2020
100 _aRemiter, Jesus B.
245 _aGlobal times living history :
_bEkonomiks 9 /
_cJesus B. Remiter
250 _a2nd Edition
260 _aQuezon City, Manila :
_bSibs Publishing,
_cc2020.
300 _aii, 397 pages :
_billustrations ;
_c25 cm.
650 _a1. Economics
942 _2ddc
_cBK - FIL
_e2nd Edition
_kFil.
_n0
999 _c5291
_d5291